Aplicación de la Red de Gestión de Telecomunicaciones en un sistema de telefonía celular de telefonia celular

Uloženo v:
Podrobná bibliografie
Hlavní autor: Santamaría Sandoval, José Roberto
Médium: Kniha
Vydáno: [San José, Costa Rica] 2005
Témata:
Tagy: Přidat tag
Žádné tagy, Buďte první, kdo vytvoří štítek k tomuto záznamu!

MARC

LEADER 00000nam a2200000Ia 4500
003 009876
005 20221231144110.0
008 140114s2005 cr a 000 ||s d
040 |c cru CEDI  
090 |a TFG 5403 
100 |a Santamaría Sandoval, José Roberto   |9 4968 
245 |a  Aplicación de la Red de Gestión de Telecomunicaciones en un sistema de telefonía celular de telefonia celular 
260 |c 2005  |b [San José, Costa Rica] 
300 |a xv, 197 hojas; ilustraciones 
500 |a Tesis (licenciatura en ingeniería eléctrica)--Universidad de Costa Rica. Facultad de Ingeniería. Escuela de Ingeniería Eléctrica 
650 |x REDES DE TELECOMUNICACIONES  |x ADMINISTRACION   |x  COSTA RICA   |x SISTEMAS MOVILES DE COMUNICACION   |x SISTEMAS DE TRANSMISION DE DATOS   |x  INVESTIGACIONES  |9 4969 
942 |c TFG 
999 |c 16872  |d 16872